| 000 | 01617nam a2200193 i 4500 | ||
|---|---|---|---|
| 001 | 94989 | ||
| 003 | ES-MaACL | ||
| 005 | 20250823063047.0 | ||
| 007 | t| | ||
| 008 | 050519m1906 sp ||||1| spa d | ||
| 100 | 0 |
_aLuis de Granada, _c(O.P.), _d1504-1588 _974687 |
|
| 245 | 1 | 0 |
_aObras de Fray Luis de Granada / _cedición crítica y completas por Fr. Justo Cuervo. |
| 260 |
_aMadrid : _bVda. e Hija de Gómez Fuentenebro, _c1906- |
||
| 300 |
_a14 v. ; _c26 cm. |
||
| 505 | 8 | _aContiene: I. Guía de Pecadores -- II. Libro de la Oración y meditación -- III. Memorial de la Vida Cristiana -- IV. Adiciones al Memorial de la Vida Cristiana -- V-IX. Introducción del Simbolo de la Fé -- X. Guía de Pecadores (texto primitivo).- Tratado de la Oración y Meditación (Compendio) -- XI. Manual de Oraciones.- Manual de oraciones (ampliado).- Memorial de lo que debe hacer el cristiano.- Tratado de algunas oraciones.- Vita Christi.- Tratado de Meditación.- Recopilación del Libro de la Oración -- XII. Imitación de Cristo.- Escala Espiritual.- Oraciones y ejercicios espirituales -- XIII. Compendio de Doctrina Cristiana (trad. del P. Cuervo) -- XIV. Doctrina Espiritual.- Diálogo de la Encarnación.- Sermón de la Redención. Vida del B. Juan de Avila.- Vida del V.D. Fr. Bartolomé de los Martires. Vida del Cardenal D. Enrique, rey de Portugal.- Vida de Sor Ana de la Concepcion, franciscana.- Vida de Doña Elvira de Mendoza.- Vida de Melicia Hernández.- Cartas.- Sermón en las caidas públicas | |
| 700 | 1 |
_aCuervo, Justo. _942016 |
|
| 852 |
_aES-MaACL _jG-3994-4007 |
||
| 999 |
_c94989 _d94989 |
||